Normal view
MARC view
- Sharif Farooq
Entry Personal Name
001 - CONTROL NUMBER
- control field: 9258
003 - CONTROL NUMBER IDENTIFIER
- control field: NUST
005 - DATE AND TIME OF LATEST TRANSACTION
- control field: 20180120150432.0
008 - FIXED-LENGTH DATA ELEMENTS
- fixed length control field: 180120|| aca||aabn | a|a d
040 ## - CATALOGING SOURCE
- Original cataloging agency: NUST
- Transcribing agency: NUST
100 ## - HEADING--PERSONAL NAME
- Personal name: Sharif Farooq
670 ## - SOURCE DATA FOUND
- Source citation: Work cat.: (NUST)327490: Sharif Farooq, Mader e Millat-Sarmaya e Millat, 2003
